000 01051nam a22002057a 4500
005 2011080901411.0
010 _aB-425129-130
020 _a9788174455147
_c850.00
035 _aB-425129-130
037 _bResearchco Book Centre
082 _a362.29
100 _aGulalia, Akash
_932242
245 _aAlcoholism and substance abuse prevention in india /
_cAkash Gulalia.
260 _aNew Delhi
_bMohit Publications
_c2010.
300 _a258 p.
_c22 cm (Hb)
942 _2ddc
_cEN
_h362.29
_mGUL
999 _c55086
_d55086